[Event "Seville op 47th"]
[Site "Seville"]
[Date "2022.07.16"]
[Round "1"]
[White "Cepeda Fuentes, Jose Manuel"]
[Black "Lianes Garcia, Marcos"]
[Result "0-1"]
[WhiteElo "1711"]
[BlackElo "2411"]
[PlyCount "113"]
[EventDate "2022.07.16"]
[EventType "swiss"]
[EventRounds "9"]
[EventCountry "ESP"]
[SourceTitle "CBM 209 Extra"]
[Source "ChessBase"]
[SourceDate "2022.09.30"]
[SourceVersion "1"]
[SourceVersionDate "2022.09.30"]
[SourceQuality "1"]

1. e4 g6 2. h3 Bg7 3. d4 c5 4. Nf3 cxd4 5. Nxd4 Nf6 6. Bd3 Nc6 7. Nxc6 bxc6 8. 0-0 d5 9. exd5 cxd5 10. Bb5+ Bd7 11. Bxd7+ Qxd7 12. c3 0-0 13. Re1 Rab8 14. Nd2 Rfe8 15. Nb3 Qc7 16. Bg5 e6 17. Bxf6 Bxf6 18. Rb1 Qc4 19. Qg4 Qa6 20. Nc5 Qb5 21. Qf4 Bg7 22. Qe3 Qc4 23. Nb3 Qa4 24. Ra1 Rec8 25. Nc5 Qb5 26. Nb3 a5 27. Rab1 Qc4 28. Qe2 Qxe2 29. Rxe2 a4 30. Nd4 Rxc3 31. Nf3 Rc7 32. b3 Rcb7 33. Rc1 axb3 34. axb3 Rb6 35. b4 Rxb4 36. Rc7 Rb3 37. Rec2 Bf6 38. Kh2 Rb2 39. Rc8+ Kg7 40. Rxb8 Rxc2 41. Kg3 e5 42. Re8 e4 43. Ne5 Bxe5+ 44. Rxe5 Rd2 45. f3 Kf6 46. Re8 exf3 47. gxf3 Ra2 48. Kg4 Ra4+ 49. Kg3 Ra7 50. Re2 Kf5 51. Rd2 Rd7 52. Rd4 Ke5 53. Ra4 d4 54. f4+ Ke4 55. Ra3 d3 56. Ra5 d2 57. Kg4 0-1